00489cam a22001931 450000100070000000500170000700800410002401000170006504000180008204100080010004300120010805100280012008000090014808200120015710000070016910100080017624500470018451000640023127654720180127034007.0730529m19561958nyub 000 0 eng  a 56006868  aDLCcDLCdDLC aeng ae-uk--- cCopy 6. Rosenwald Coll. a942 00a942 CHU1 a16 aHIS12aA history of the English-speaking peoples.4 aLibrary of Congress. Lessing J. Rosenwald collection,c2300